| 000 | 00579cam a2200205ua 4500 | ||
|---|---|---|---|
| 001 | 11212 | ||
| 008 | 190903n ii |||gr||||Z||||||eng | ||
| 020 | _a9788174730695 | ||
| 040 | _cMAIN | ||
| 041 | _aeng | ||
| 082 | _a327 | ||
| 100 |
_aNorman D Palmer, _eAuthor. |
||
| 245 |
_aInternational relations : _bWorld community in transition / _cBy Norman D Palmer and Howard C Perkins . |
||
| 250 | _a3ed rev ed. | ||
| 260 |
_aDelhi: _bAITBS publishers, _c2015. |
||
| 300 | _a818p. | ||
| 653 | _aInternational relations | ||
| 700 |
_aHoward C Perkins, _eAuthor. |
||
| 942 | _cBK | ||
| 999 |
_c10074 _d10074 |
||